• 首页
  • 本馆介绍
  • 公告通知
  • 最新文献
  • 馆藏检索
  • 电子资源
  • 读者导购
  • 参考咨询
  • 我的图书馆
  • 登录
  • 详细信息显示
  • 放入我的书架
  • 预约/预借图书
  • 作者相关作品
  • 分类相关作品
  • 丛书相关作品
  • 出版社相关作品

书目信息

  • 表格格式
  • 工作单格式
  • 卡片格式
题名:
核酸系列测定
    
 
作者: 叶寅 王苏燕 田波
分册:  
出版信息: 北京   科学出版社  1995
页数: 323
开本: 26cm
丛书名:
单 册:
中图分类: Q52
科图分类:
主题词: 核酸
电子资源:
ISBN: 7-03-004518-1
000 00589nam0 2200193 450
001 0741144344
005 20070817112544.34
010    @a7-03-004518-1@d¥58.00
100    @a20070817d km y0chiy0120 ea
101 0  @achi
200 1  @a核酸系列测定@Ahe suan xi lie ce ding@e实验室指南@f叶寅 王苏燕 田波@Fye yin wang su yan tian bo
210    @a北京@c科学出版社@d1995
215    @a323@d26cm
517 1  @a实验室指南@Ashi yan shi zhi nan
606 0  @a核酸
690    @aQ52@v3
701  0 @a叶寅 王苏燕 田波@Aye yin wang su yan tian bo
801  0 @aCN@bPFT@c20070817
905    @a213230@dQ52@en1@f1
    
    核酸系列测定:实验室指南/叶寅 王苏燕 田波.-北京:科学出版社,1995
    323;26cm
    
    
    ISBN 7-03-004518-1:¥58.00
    
●
相关链接 在E读中查询图书 在五车中查询图书 在当当中查询图书 在豆瓣中查询图书


正题名:核酸系列测定     索取号:Q52/n1         预约/预借

序号 登录号 条形码 馆藏地/架位号 状态 备注
1 6600204   266002041   密集书库-生命科学系/ [索取号:Q52/n1] 在馆    
唐山师范学院图书馆 欢迎您!
大连网信软件有限公司© 版权所有